<?xml version="1.0" encoding="UTF-8"?>
<record
    xmlns:xsi="http://www.w3.org/2001/XMLSchema-instance"
    xsi:schemaLocation="http://www.loc.gov/MARC21/slim http://www.loc.gov/standards/marcxml/schema/MARC21slim.xsd"
    xmlns="http://www.loc.gov/MARC21/slim">

  <leader>00684nam a2200217Ia 4500</leader>
  <controlfield tag="005">20220329174329.0</controlfield>
  <controlfield tag="008">210716s2012    xx            000 0 und d</controlfield>
  <datafield tag="020" ind1=" " ind2=" ">
    <subfield code="a">9788126560615</subfield>
  </datafield>
  <datafield tag="040" ind1=" " ind2=" ">
    <subfield code="c">AIMIT LIBRARY</subfield>
  </datafield>
  <datafield tag="041" ind1=" " ind2=" ">
    <subfield code="a">eng</subfield>
  </datafield>
  <datafield tag="082" ind1=" " ind2=" ">
    <subfield code="a">332.632 </subfield>
    <subfield code="2">4</subfield>
    <subfield code="b">HULJ</subfield>
  </datafield>
  <datafield tag="100" ind1=" " ind2=" ">
    <subfield code="a">Hull, John C.</subfield>
    <subfield code="9">26535</subfield>
  </datafield>
  <datafield tag="245" ind1=" " ind2=" ">
    <subfield code="a">Risk management and financial institutions /</subfield>
    <subfield code="c">By John C. Hull.</subfield>
  </datafield>
  <datafield tag="250" ind1=" " ind2=" ">
    <subfield code="a">4th ed.</subfield>
  </datafield>
  <datafield tag="260" ind1=" " ind2=" ">
    <subfield code="a">New Delhi :</subfield>
    <subfield code="b">Wiley India ,</subfield>
    <subfield code="c">2012.</subfield>
  </datafield>
  <datafield tag="300" ind1=" " ind2=" ">
    <subfield code="a">xxv,714p. ;</subfield>
    <subfield code="c">23.5 cm.</subfield>
  </datafield>
  <datafield tag="650" ind1=" " ind2=" ">
    <subfield code="a">Risk Management &amp; Derivatives.</subfield>
    <subfield code="9">26536</subfield>
  </datafield>
  <datafield tag="650" ind1=" " ind2=" ">
    <subfield code="a">Trading in financial markets.</subfield>
    <subfield code="9">26537</subfield>
  </datafield>
  <datafield tag="650" ind1=" " ind2=" ">
    <subfield code="a">Mutual funds and hedge funds.</subfield>
    <subfield code="9">26538</subfield>
  </datafield>
  <datafield tag="942" ind1=" " ind2=" ">
    <subfield code="2">ddc</subfield>
    <subfield code="c">BK</subfield>
    <subfield code="e">4th</subfield>
    <subfield code="k">332.632 HULJ</subfield>
  </datafield>
  <datafield tag="999" ind1=" " ind2=" ">
    <subfield code="c">209971</subfield>
    <subfield code="d">209971</subfield>
  </datafield>
  <datafield tag="952" ind1=" " ind2=" ">
    <subfield code="0">0</subfield>
    <subfield code="1">0</subfield>
    <subfield code="2">ddc</subfield>
    <subfield code="4">0</subfield>
    <subfield code="7">0</subfield>
    <subfield code="8">MBA</subfield>
    <subfield code="a">AIMIT</subfield>
    <subfield code="b">AIMIT</subfield>
    <subfield code="d">2017-02-10</subfield>
    <subfield code="g">999.00</subfield>
    <subfield code="i">Bill no:734; Bill dt:2017-02-06</subfield>
    <subfield code="l">0</subfield>
    <subfield code="o">332.632 HULJ</subfield>
    <subfield code="p">MBA12537</subfield>
    <subfield code="r">2026-05-23 00:00:00</subfield>
    <subfield code="v">769.23</subfield>
    <subfield code="w">2021-07-16</subfield>
    <subfield code="y">BK</subfield>
  </datafield>
  <datafield tag="952" ind1=" " ind2=" ">
    <subfield code="0">0</subfield>
    <subfield code="1">0</subfield>
    <subfield code="2">ddc</subfield>
    <subfield code="4">0</subfield>
    <subfield code="7">0</subfield>
    <subfield code="8">MBA</subfield>
    <subfield code="a">AIMIT</subfield>
    <subfield code="b">AIMIT</subfield>
    <subfield code="d">2017-02-13</subfield>
    <subfield code="g">999.00</subfield>
    <subfield code="i">Bill no:736; Bill dt:2017-02-09</subfield>
    <subfield code="l">0</subfield>
    <subfield code="o">332.632 HULJ</subfield>
    <subfield code="p">MBA12574</subfield>
    <subfield code="r">2026-05-23 00:00:00</subfield>
    <subfield code="v">769.23</subfield>
    <subfield code="w">2021-07-16</subfield>
    <subfield code="y">BK</subfield>
  </datafield>
  <datafield tag="952" ind1=" " ind2=" ">
    <subfield code="0">0</subfield>
    <subfield code="1">0</subfield>
    <subfield code="2">ddc</subfield>
    <subfield code="4">0</subfield>
    <subfield code="7">3</subfield>
    <subfield code="8">MBA</subfield>
    <subfield code="a">AIMIT</subfield>
    <subfield code="b">AIMIT</subfield>
    <subfield code="d">2017-02-13</subfield>
    <subfield code="g">999.00</subfield>
    <subfield code="i">Bill no:736; Bill dt:2017-02-09</subfield>
    <subfield code="l">0</subfield>
    <subfield code="o">332.632 HULJ</subfield>
    <subfield code="p">MBA12575</subfield>
    <subfield code="r">2025-07-21 00:00:00</subfield>
    <subfield code="v">769.23</subfield>
    <subfield code="w">2021-07-16</subfield>
    <subfield code="y">BK</subfield>
  </datafield>
  <datafield tag="952" ind1=" " ind2=" ">
    <subfield code="0">0</subfield>
    <subfield code="1">0</subfield>
    <subfield code="2">ddc</subfield>
    <subfield code="4">0</subfield>
    <subfield code="7">0</subfield>
    <subfield code="8">MBA</subfield>
    <subfield code="a">AIMIT</subfield>
    <subfield code="b">AIMIT</subfield>
    <subfield code="d">2017-02-13</subfield>
    <subfield code="g">999.00</subfield>
    <subfield code="i">Bill no:736; Bill dt:2017-02-09</subfield>
    <subfield code="l">0</subfield>
    <subfield code="o">332.632 HULJ</subfield>
    <subfield code="p">MBA12576</subfield>
    <subfield code="r">2026-05-23 00:00:00</subfield>
    <subfield code="v">769.23</subfield>
    <subfield code="w">2021-07-16</subfield>
    <subfield code="y">BK</subfield>
  </datafield>
  <datafield tag="952" ind1=" " ind2=" ">
    <subfield code="0">0</subfield>
    <subfield code="1">0</subfield>
    <subfield code="2">ddc</subfield>
    <subfield code="4">0</subfield>
    <subfield code="7">0</subfield>
    <subfield code="8">MBA</subfield>
    <subfield code="a">AIMIT</subfield>
    <subfield code="b">AIMIT</subfield>
    <subfield code="d">2017-02-13</subfield>
    <subfield code="g">999.00</subfield>
    <subfield code="i">Bill no:736; Bill dt:2017-02-09</subfield>
    <subfield code="l">0</subfield>
    <subfield code="o">332.632 HULJ</subfield>
    <subfield code="p">MBA12577</subfield>
    <subfield code="r">2026-05-23 00:00:00</subfield>
    <subfield code="v">769.23</subfield>
    <subfield code="w">2021-07-16</subfield>
    <subfield code="y">BK</subfield>
  </datafield>
  <datafield tag="952" ind1=" " ind2=" ">
    <subfield code="0">0</subfield>
    <subfield code="1">0</subfield>
    <subfield code="2">ddc</subfield>
    <subfield code="4">0</subfield>
    <subfield code="7">0</subfield>
    <subfield code="8">MBA</subfield>
    <subfield code="a">AIMIT</subfield>
    <subfield code="b">AIMIT</subfield>
    <subfield code="d">2017-02-13</subfield>
    <subfield code="g">999.00</subfield>
    <subfield code="i">Bill no:736; Bill dt:2017-02-09</subfield>
    <subfield code="l">0</subfield>
    <subfield code="o">332.632 HULJ</subfield>
    <subfield code="p">MBA12578</subfield>
    <subfield code="r">2026-05-23 00:00:00</subfield>
    <subfield code="v">769.23</subfield>
    <subfield code="w">2021-07-16</subfield>
    <subfield code="y">BK</subfield>
  </datafield>
</record>
